Library Banner

Basic flight physiology / (Record no. 106421)

MARC details
000 -LEADER
fixed length control field 00581cam a22002054a 4500
001 - CONTROL NUMBER
control field 15083272
005 - DATE AND TIME OF LATEST TRANSACTION
control field 20180801112156.0
008 - FIXED-LENGTH DATA ELEMENTS--GENERAL INFORMATION
fixed length control field 071116s2008 nyua b 001 0 eng
020 ## - INTERNATIONAL STANDARD BOOK NUMBER
International Standard Book Number 007149488X (alk. paper)
040 ## - CATALOGING SOURCE
Transcribing agency PK-LaUMT
082 00 - DEWEY DECIMAL CLASSIFICATION NUMBER
Classification number 616.980213
Edition number 22
Item number REI-B
100 1# - MAIN ENTRY--PERSONAL NAME
Personal name Reinhart, Richard O.
245 10 - TITLE STATEMENT
Title Basic flight physiology /
Statement of responsibility, etc Richard O. Reinhart
250 ## - EDITION STATEMENT
Edition statement 3rd ed.
260 ## - PUBLICATION, DISTRIBUTION, ETC. (IMPRINT)
Place of publication, distribution, etc New York :
Name of publisher, distributor, etc McGraw-Hill,
Date of publication, distribution, etc 2008
300 ## - PHYSICAL DESCRIPTION
Extent xvi, 311 p. :
Other physical details ill. ;
Dimensions 25 cm.
650 #0 - SUBJECT ADDED ENTRY--TOPICAL TERM
Topical term or geographic name as entry element Flight
General subdivision Physiological aspects.
650 #0 - SUBJECT ADDED ENTRY--TOPICAL TERM
Topical term or geographic name as entry element Aviation medicine.
942 ## - ADDED ENTRY ELEMENTS (KOHA)
Koha item type Books
Holdings
Withdrawn status Lost status Damaged status Home library Current library Date acquired Full call number Barcode Date last seen Price effective from Koha item type
      UMT Main Campus UMT Main Campus 2018-08-01 616.980213 REI-B 123424 2018-08-01 2018-08-01 Books